000 00606nam a2200205Ia 4500
003 IN-BaIIA
008 211028s9999 xx 000 0 eng d
020 _a0-12-174551-1
040 _cIIA Library
080 _a535.215.2
_bCHU
100 _aChu, Benjamin
_98624
245 0 _aLaser light scattering
_bbasic principles and practice
_cBenjamin Chu
250 _a2nd ed.
260 _aBoston
_bAcademic Press
_c1991
300 _aix, 343p.
650 _aLaser Light Scattering
_918692
650 _aLasers
_93580
650 _aNASA Thesaurus
942 _cBK
999 _c10944
_d10944